000 00567nam a2200193Ia 4500
005 20250326145318.0
008 250326s9999 xx 000 0 und d
037 _aTextbook
040 _aFMSL
_beng
_cFMSL
041 _aeng
_2eng
084 _aY9(L:5) Q1
_qFMSL
100 _aSebastine A J
_9750983
245 0 _aHealth and social work practices: new frontiers and challenges
_cSebastine A J; Gabriel M
260 _aDelhi
_bDelhi, Authors
_c2011
365 _b2200
650 _aManagement
942 _cTB
_hY9(L:5) Q1
999 _c1307137
_d1307137